Crítica del gusto /

Αποθηκεύτηκε σε:
Λεπτομέρειες βιβλιογραφικής εγγραφής
Κύριος συγγραφέας: Volpe, Galvano della (autor)
Άλλοι συγγραφείς: Sacristán, Manuel (traducción) (traducción)
Μορφή: Βιβλίο
Γλώσσα:Ισπανικά
Έκδοση:2a edición
Σειρά:(Biblioteca Breve ; Ciencias Humanas) 218.
Θέματα:
Ετικέτες: Προσθήκη ετικέτας
Δεν υπάρχουν, Καταχωρήστε ετικέτα πρώτοι!

MARC

LEADER 00000nam^a2200000^a^4500
001 000071313
005 20250521000000.0
009 20260310091512.528
037 |a Acervo ITESO - Biblioteca 
041 |a ESP 
082 |a 701. 172  |b DEL 
100 |a Volpe, Galvano della  |e (autor) 
245 1 0 |a Crítica del gusto /  |c G. della Volpe ; tr. por M. Sacristán. 
250 |a 2a edición 
264 |a Barcelona, España :  |b Seix Barral,  |c 1963 
300 |a 304 p. 
336 |a texto  |b txt  |2 rdacontenido 
337 |a sin mediación  |b n  |2 rdamedio 
338 |a volumen  |b nc  |2 rdasoporte 
440 1 |a (Biblioteca Breve ;  |v 218.  |p Ciencias Humanas) 
500 |a Traducción de: Critica del Gusto 
649 |a XX 
650 |a Estética -  |x Historia y Crítica 
650 |a Filosofía 
700 |a Sacristán, Manuel  |e (traducción) 
910 |a Fondo Armando Suárez Gómez 
920 |a Impresos - Libros 
930 |a Fondos Especiales 
905 |a 111 
901 |a 0700005384  |b IT2  |c ESP  |u 20250521 
902 |a https://opac.biblio.iteso.mx/vufind/Record/000071313